000 00630nam a2200217Ia 4500
005 20250508163744.0
008 008 250505s9999 xx 000 0 eng d
020 _a0-415-92104-x
037 _aReference
040 _aFEDL
_beng
_cFEDL
041 _aeng
_2eng
084 _a370.153, BOL
_qFEDL
100 _aBoler Megan
_9776221
245 0 _aFeeling power: Emotions and education
260 _aNew York, USA
_bRoutledge
_c1999
300 _axxix, 235p.
365 _aGBP
_b13.99
650 _aCritical pedagogy; Emotions and cognition
_9776222
942 _cREF
_h370.153, BOL
999 _c1385084
_d1385084